|
|
|
|
| LEADER |
01565nam a2200409Ia 4500 |
| 001 |
EBC1584578 |
| 003 |
MiAaPQ |
| 005 |
20200520144314.0 |
| 006 |
m o d | |
| 007 |
cr cn||||||||| |
| 008 |
130819s2013 enka s 000 0 eng |
| 020 |
|
|
|z 0857093428
|
| 020 |
|
|
|z 9780857093424
|
| 020 |
|
|
|z 9780857093530
|
| 035 |
|
|
|a (MiAaPQ)EBC1584578
|
| 035 |
|
|
|a (Au-PeEL)EBL1584578
|
| 035 |
|
|
|a (CaPaEBR)ebr10739809
|
| 035 |
|
|
|a (CaONFJC)MIL785182
|
| 035 |
|
|
|a (OCoLC)867317897
|
| 040 |
|
|
|a MiAaPQ
|c MiAaPQ
|d MiAaPQ
|
| 050 |
|
4 |
|a TS1449
|b .M85 2013
|
| 082 |
0 |
4 |
|a 677.0286
|2 23
|
| 245 |
0 |
0 |
|a Multidisciplinary know-how for smart textiles developers
|h [electronic resource] /
|c edited by Tunde Kirstein.
|
| 260 |
|
|
|a Oxford ;
|a Philadelphia :
|b Woodhead Pub.,
|c 2013.
|
| 300 |
|
|
|a xxi, 501 p. :
|b ill. (some col.)
|
| 490 |
1 |
|
|a Woodhead publishing series in textiles ;
|v no. 139
|
| 500 |
|
|
|a "The Textile Institute."
|
| 533 |
|
|
|a Electronic reproduction. Ann Arbor, MI : ProQuest, 2015. Available via World Wide Web. Access may be limited to ProQuest affiliated libraries.
|
| 650 |
|
0 |
|a Textile industry
|x Effect of technological innovations on.
|
| 650 |
|
0 |
|a Textile fabrics
|x Technological innovations.
|
| 650 |
|
0 |
|a Smart materials.
|
| 655 |
|
4 |
|a Electronic books.
|
| 700 |
1 |
|
|a Kirstein, Tunde.
|
| 710 |
2 |
|
|a Textile Institute (Manchester, England)
|
| 710 |
2 |
|
|a ProQuest (Firm)
|
| 830 |
|
0 |
|a Woodhead publishing in textiles ;
|v no. 139.
|
| 856 |
4 |
0 |
|u https://ebookcentral.proquest.com/lib/matrademy/detail.action?docID=1584578
|z Click to View
|